Sacrum Imperium und nebertaatliche (Record no. 59257)
[ view plain ]
| 000 -LEADER | |
|---|---|
| campo de control de longitud fija | 00544nam a2200157 i 4500 |
| 001 - NÚMERO DE CONTROL | |
| campo de control | 59257 |
| 003 - IDENTIFICADOR DE NÚMERO DE CONTROL | |
| campo de control | ES-MaACL |
| 005 - FECHA Y HORA DE LA ÚLTIMA TRANSACCIÓN | |
| campo de control | 20230906164010.0 |
| 007 - CAMPO FIJO DE DESCRIPCIÓN FÍSICA--INFORMACIÓN GENERAL | |
| campo de control de longitud fija | t| |
| 008 - DATOS DE LONGITUD FIJA--INFORMACIÓN GENERAL | |
| campo de control de longitud fija | 031028s1952 gw ||||1| ger d |
| 100 1# - ENTRADA PRINCIPAL--NOMBRE DE PERSONA | |
| Nombre de persona | Elías de Tejada, Francisco. |
| 9 (RLIN) | 46976 |
| 245 10 - MENCIÓN DEL TÍTULO | |
| Título | Sacrum Imperium und nebertaatliche |
| Resto del título | : ordnung eine rede, am 6 August 1952, gehalten / |
| Mención de responsabilidad, etc. | von Francisco Elías de Tejada. |
| 260 ## - PUBLICACIÓN, DISTRIBUCIÓN, ETC. | |
| Lugar de publicación, distribución, etc. | Lichstatt : |
| Nombre del editor, distribuidor, etc. | Abendlandische Akademie, |
| Fecha de publicación, distribución, etc. | 1952 ( |
| Lugar de fabricación/manufactura | Sevilla : |
| Fabricante | E.H.A.G) |
| 300 ## - DESCRIPCIÓN FÍSICA | |
| Extensión | 29 p. ; |
| Dimensiones | 15 cm. |
| 852 ## - LOCALIZACIÓN | |
| Ubicación | ES-MaACL |
| Número de control de estantería | 1967-F-1 |
| Sublocalización o colección | R.34372 |
| Estatus retirado | Estado de pérdida | Estado de daño | No para préstamo | Colección | Biblioteca de origen | Biblioteca actual | Ubicación en estantería | Fecha de adquisición | Fuente de adquisición | Total de préstamos | Signatura topográfica completa | Código de barras | Visto por última vez | Precio de reemplazo | Tipo de ítem Koha |
|---|---|---|---|---|---|---|---|---|---|---|---|---|---|---|---|
| Colección de folletos | Biblioteca del Ateneo de Madrid | Biblioteca del Ateneo de Madrid | Depósito folletos | 17/01/2008 | 1967-F-1 | 1062159 | 23/02/2023 | 23/02/2023 | Folleto |
